Chile en cuatro momentos

Saved in:
Bibliographic Details
Format: Book
Language:Spanish
Published: Santiago, Chile Universidad de Los Andes 2010
Subjects:
Tags: Add Tag
No Tags, Be the first to tag this record!

MARC

LEADER 00000nam a2200000 a 4500
001 UCG4963
003 CL-VaPUC
005 20211009074542.0
008 101216e20100000CL |||||||||||||||||spa|d
999 |c 343561  |d 343559 
020 |a 9789567402106 (o.c) 
020 |a 9789567402250 (v.3) 
040 |c Pontificia Universidad Católica de Valparaíso 
082 0 4 |a 983 CHI 2010  |2 21 
245 1 0 |a Chile en cuatro momentos 
260 |a Santiago, Chile  |b Universidad de Los Andes  |c 2010 
300 |a volúmenes 
500 |a v.3: el Chile que construimos 
583 |a last modification  |c 20101216 00:00:00  |k Rodrigo Vera 
650 0 |a Historia de Chile siglo 20  |y Siglo 20  |9 268145 
942 |c BK  |2 ddc 
945 |d 20101216 00:00:00  |a dcastane 
952 |0 0  |1 0  |4 0  |6 983_000000000000000_CHI_2010  |7 0  |8 A  |9 440954  |a BIBHIS  |b BIBHIS  |d 2019-11-22  |h v.3  |i 4739426  |o 983 CHI 2010  |p 4739426  |r 2025-01-20  |w 2019-11-22  |y BK  |k HIS